|
|
|
|
| LEADER |
00000nab a2200000u 4500 |
| 001 |
vtls011754694 |
| 003 |
SK-MaSNL |
| 005 |
20260305000134.0 |
| 008 |
180504|20180503xo ||||||| ||00 ||slo| |
| 038 |
|
|
|a KEVKJB
|
| 040 |
|
|
|a KEVKJB
|b slo
|e rda
|
| 041 |
0 |
|
|a slo
|
| 043 |
|
|
|a e-xo---
|
| 044 |
|
|
|a xo
|c SK
|
| 072 |
|
7 |
|a 72
|x Architektúra
|2 konspekt
|
| 080 |
|
|
|a 721:904
|2 2011
|
| 245 |
0 |
0 |
|a Na Mäsiarskej bol prvý oficiálny nevestinec v Košiciach
|b premeny Košíc
|c [autor] (RED)
|
| 300 |
|
|
|b Fotografie
|
| 336 |
|
|
|a text
|b txt
|2 rdacontent
|
| 337 |
|
|
|a bez média
|b n
|2 rdamedia
|
| 338 |
|
|
|a zväzok
|b nc
|2 rdacarrier
|
| 650 |
0 |
7 |
|a nevestince
|2 kevkjb
|9 647649
|
| 650 |
0 |
7 |
|a historické budovy
|2 kevkjb
|9 31778
|
| 650 |
0 |
7 |
|a dobové fotografie
|2 kevkjb
|9 873477
|
| 651 |
|
7 |
|a Košice (Slovensko)
|2 kevkjb
|9 18694
|
| 651 |
|
7 |
|a Mäsiarska ulica (Košice, Slovensko)
|2 kevkjb
|9 74584
|
| 773 |
0 |
|
|t KOŠICE:DNES
|g Roč. 5, č. 85 (3.5.2018), s. 10-11
|x 1339-7605
|
| 852 |
|
|
|a KEVKJB
|b KIS3GCP
|
| 856 |
4 |
1 |
|u https://kosicednes.sk/historia/na-masiarskej-bol-prvy-oficialny-nevestinec-v-kosiciach/
|
| 999 |
|
|
|c 3212313
|d 3214243
|